| 000 | 00641nam a2200193 a 4500 | ||
|---|---|---|---|
| 005 | 20140310183456.0 | ||
| 008 | 091109s19uu xx 00 eng d | ||
| 020 | _a13 9780763750343 | ||
| 050 |
_aRA 409 _b.Os82 2008 |
||
| 100 | _aOsborn, Carol E. | ||
| 245 |
_aBasic Statistics for health information management technology / _cCarol E. Osborn. |
||
| 260 |
_aBoston : _bJones and Bartlett Publishers, _c2008. |
||
| 300 |
_a292 p. : _bill. ; _c26 cm. |
||
| 521 | _aNUR | ||
| 650 |
_aMedical statistics _xstatistical methods. |
||
| 650 |
_aMedicine _xinformation technology _xstatistical methods. |
||
| 942 |
_cBK _2lcc _kFOR |
||
| 999 |
_c23630 _d23630 |
||